Online
Catalog

La historia de San Michele / (Record no. 1186)

MARC details
000 -CABECERA
campo de control de longitud fija 00568cam a2200181 a 4500
001 - NÚMERO DE CONTROL
campo de control 000001240
005 - FECHA Y HORA DE LA ÚLTIMA TRANSACCIÓN
campo de control 20200929145522.0
008 - DATOS DE LONGITUD FIJA--INFORMACIÓN GENERAL
campo de control de longitud fija 811015s1966 sp 000 0aspa
040 ## - FUENTE DE LA CATALOGACIÓN
Centro catalogador/agencia de origen DO-SdBNP
Lengua de catalogación spa
Centro/agencia transcriptor BNPHU
082 ## - NÚMERO DE LA CLASIFICACIÓN DECIMAL DEWEY
Número de clasificación 920
Número de documento/Ítem M971h
100 1# - ENTRADA PRINCIPAL--NOMBRE DE PERSONA
Nombre de persona Munthe, Axel,
Fechas asociadas al nombre 1857-1949
9 (RLIN) 4225
245 13 - MENCIÓN DE TÍTULO
Título La historia de San Michele /
Mención de responsabilidad, etc. Axel Munthe.
260 ## - PUBLICACIÓN, DISTRIBUCIÓN, ETC.
Lugar de publicación, distribución, etc. Barcelona :
Nombre del editor, distribuidor, etc. Juventud,
Fecha de publicación, distribución, etc. 1966.
300 ## - DESCRIPCIÓN FÍSICA
Extensión 334 p. ;
Dimensiones 23 cm.
600 10 - PUNTO DE ACCESO ADICIONAL DE MATERIA--NOMBRE DE PERSONA
Nombre de persona MUNTHE, AXEL,
Fechas asociadas al nombre 1857-1949
9 (RLIN) 4226
650 #4 - PUNTO DE ACCESO ADICIONAL DE MATERIA--TÉRMINO DE MATERIA
Término de materia o nombre geográfico como elemento de entrada Aventuras
Subdivisión geográfica Europa
Subdivisión de forma BIOGRAFÍA
9 (RLIN) 4227
651 #4 - PUNTO DE ACCESO ADICIONAL DE MATERIA--NOMBRE GEOGRÁFICO
Nombre geográfico Isla De Capri (Italia{Rpara}
Subdivisión de forma BIOGRAFÍA
9 (RLIN) 4228
Holdings
Estado de retiro Estado de pérdida Restricciones de uso No para préstamo Código de colección Localización permanente Ubicación/localización actual Ubicación en estantería Fecha de adquisición Número de inventario Total de préstamos Signatura topográfica completa Código de barras Fecha visto por última vez Precio válido a partir de Tipo de ítem Koha
    Préstamo interno Préstamo en sala Dominicana de Servicio Biblioteca Nacional Pedro Henríquez Ureña Biblioteca Nacional Pedro Henríquez Ureña Depósito 09.08.2009 LF1   920 M971h 1240-10 25.06.2020 25.06.2020 Libros y folletos

Powered by Koha